Aston Villa Best Scorer By Year - Statistics

General Stats
  • This quiz has been taken 630 times
    556 since last reset
  • The average score is 7 of 37
Answer Stats
Player % Correct
Ollie Watkins
92%
Jack Grealish
71%
Darren Bent
66%
Gabby Agbonlahor
59%
Christian Benteke
57%
Dwight Yorke
44%
John Carew
36%
Juan Pablo Ángel
36%
Dion Dublin
33%
Peter Withe
26%
Dean Saunders
24%
Darius Vassell
20%
Jordan Ayew
19%
Milan Baroš
19%
Gary Shaw
15%
Andy Gray
14%
Julian Joachim
14%
David Platt
12%
Luke Moore
9%
Alan McInally
7%
Nolberto Solano
7%
Johnny Dixon
5%
Peter McParland
5%
Allan Evans
4%
Cyrille Regis
4%
Garry Thompson
3%
Gerry Hitchens
3%
John Deehan
3%
Mark Walters
3%
Ray Graydon
3%
Tommy Thompson
3%
Paul Rideout
2%
Simon Stainrod
2%
Tony Hateley
2%
Harry Burrows
1%
Jackie Sewell
1%
Lawson Chatterley
1%
No matching quizzes found
Score Distribution
Percent of People with Each Score
Percentile by Number Answered
Your Score History
You have not taken this quiz since the last reset